000 00474nam a2200157 4500
008 161103b xxu||||| |||| 00| 0 eng d
022 _a9770118389007
082 _aDPer 641.05 F73 Mar-Jul 2013
100 _916792
_aEscario, Anna
245 _aLet them eat cake at kitchen's best/
_cAnna Escario.
260 _aQuezon City:
_bABS CBN Publishing, Inc.,
_cc2013.
300 _apages 26-27;
_c30 cm.
500 _aFood.
650 0 _916793
_aKitchens
942 _2ddc
_cPER
999 _c5461
_d5461